Synthesis and characterization of graphene-based polymer nanocomposites thin films /
Saved in:
| Main Author: | |
|---|---|
| Format: | Thesis Book |
| Language: | English |
| Published: |
2015.
|
| Subjects: | |
| Tags: |
Add Tag
No Tags, Be the first to tag this record!
|
| LEADER | 01065cam a2200289 i 4500 | ||
|---|---|---|---|
| 001 | u1032509 | ||
| 003 | SIRSI | ||
| 005 | 201605111644 | ||
| 008 | 160511s2015 my a m 000 0 eng | ||
| 040 | |a UMM |e rda | ||
| 090 | |a QC3 |b UM 2015 Nurisab | ||
| 100 | 0 | |a Nur Ily Syuhada Ahmad Blya, |e author. | |
| 245 | 1 | 0 | |a Synthesis and characterization of graphene-based polymer nanocomposites thin films / |c Nur Ily Syuhada binti Ahmad Blya. |
| 264 | 1 | |c 2015. | |
| 264 | 4 | |c 2015. | |
| 300 | |a xiii, 79 leaves : |b illustrations ; |c 30 cm. | ||
| 336 | |a text |2 rdacontent | ||
| 337 | |a unmediated |2 rdamedia | ||
| 338 | |a volume |2 rdacarrier | ||
| 502 | |b M.Sc. |c Jabatan Fizik, Fakulti Sains, Universiti Malaya |d 2015. | ||
| 504 | |a Bibliography: leaves 69-79. | ||
| 650 | 0 | |a Nanocomposites (Materials) | |
| 650 | 0 | |a Thin films |x Materials. | |
| 710 | 2 | |a Universiti Malaya. |b Jabatan Fizik, |e degree granting institution. | |
| 900 | |a NSR NSM | ||
| 596 | |a 1 | ||
| 999 | |a QC3 UM 2015 NURISAB |w LC |c 1 |i A516412008 |d 20/12/2016 |f 20/12/2016 |g 1 |l STACKS |m P01UTAMA |r Y |s Y |t TESIS |u 20/12/2016 |1 STEM | ||
